Quiz sur "Le Tombeau des Lucioles" - Statistiques

Statistiques générales
  • Ce quiz a été pris 7 fois
  • Le résultat moyen est 11 sur 19
Statistiques - réponses
Hint Réponse % Correct
Date de sortie au Japon 1988
86%
Date de sortie en France 1996
86%
Chez quel membre de leur famille vont ils se réfugier au début ? Leur tante
86%
Le prénom du grand frère Seita
86%
Le prénom de la petite sœur Setsuko
86%
Dans quel domaine travaille leur père ? Dans la marine
71%
Et lui, où va t-il mourir ? Dans une gare
71%
Quels insectes vivent près de cet endroit ? Des lucioles
71%
Que se met à faire le grand frère pour obtenir de la nourriture ? Il vole dans des champs
71%
Le réalisateur Isao Takahata
57%
Leur ville de résidence avant les bombardements Kōbe
57%
À quelle date ? Le 21 septembre 1945
57%
Quel métier veut-il faire plus tard ? Soldat
57%
Et où vont-ils se réfugier après ? Dans un abri
43%
Où est-ce qu'il apprendra la capitulation japonaise ? À la banque
29%
La ville où ils iront se réfugier Nishinomiya
29%
De quoi souffre la petite fille ? D'anémie
14%
Dans quoi son frère mettra t-il ses cendres ? Dans une boîte de bonbons aux fruits
14%
De quoi raffole t-elle ? Des bonbons aux fruits
14%
Aucun quiz correspondant
Distribution des résultats
% des personnes avec chaque résultat
Percentile par nombre de réponses
Votre historique - résultats
Vous n’avez pas pris ce quiz